[Event "Bialystok Zamenhof Memorial-B 36th"]
[Site "Bialystok"]
[Date "2017.12.27"]
[Round "2"]
[White "Murza, Adam"]
[Black "Paprocki, Jaroslaw"]
[Result "1-0"]
[WhiteElo "2008"]
[BlackElo "2184"]
[PlyCount "139"]
[EventDate "2017.12.27"]
[EventType "swiss"]
[EventRounds "9"]
[EventCountry "POL"]
[SourceTitle "CBM 182 Extra"]
[Source "ChessBase"]
[SourceDate "2018.02.23"]
[SourceVersion "1"]
[SourceVersionDate "2018.02.23"]
[SourceQuality "1"]

1. c4 e5 2. g3 Nc6 3. Bg2 f5 4. Nc3 Nf6 5. d3 Bc5 6. e3 0-0 7. Nge2 d6 8. a3 Qe8 9. b4 Bb6 10. Na4 f4 11. Nxb6 axb6 12. b5 Ne7 13. exf4 Qg6 14. a4 Bf5 15. Ra3 e4 16. Nd4 exd3 17. Nxf5 Nxf5 18. 0-0 Ra7 19. Qxd3 Rfa8 20. Qd1 Kf8 21. Bb2 Nd7 22. Re1 Nc5 23. Bf3 Re8 24. Rxe8+ Qxe8 25. Qc2 Qe1+ 26. Kg2 Qe6 27. Bd5 Qg6 28. Qd1 Ra8 29. Ba1 Re8 30. Kf1 Ra8 31. h4 Qe8 32. h5 c6 33. Bf3 cxb5 34. g4 b4 35. Ra2 b3 36. Ra3 Rxa4 37. Rxa4 Qxa4 38. gxf5 Qxc4+ 39. Be2 Qxf4 40. Qd4 Qc1+ 41. Kg2 Qg5+ 42. Bg4 d5 43. f3 Qe7 44. Bc3 h6 45. f6 gxf6 46. Qxd5 b2 47. Bf5 Na4 48. Bd2 Kg7 49. Qc4 b5 50. Qg4+ Kh8 51. Qb4 Qd8 52. Bxh6 b6 53. Qxb5 Qg8+ 54. Kh3 Qf7 55. Bg6 Qe6+ 56. Bf5 Nc3 57. Qd3 Qd5 58. Qxd5 Nxd5 59. Bd2 b5 60. Kg4 Ne7 61. Bd3 Nc6 62. Bc3 Kg7 63. Bxb2 b4 64. Kf5 Kh6 65. Be4 Na5 66. Bd5 Kxh5 67. Bxf6 b3 68. Bc3 b2 69. Bxb2 Kh4 70. Bc3 1-0

[Event "Bialystok Zamenhof Memorial-B 36th"]
[Site "Bialystok"]
[Date "2017.12.27"]
[Round "1"]
[White "Walkusz, Witoslaw"]
[Black "Murza, Adam"]
[Result "1/2-1/2"]
[WhiteElo "2191"]
[BlackElo "2008"]
[PlyCount "137"]
[EventDate "2017.12.27"]
[EventType "swiss"]
[EventRounds "9"]
[EventCountry "POL"]
[SourceTitle "CBM 182 Extra"]
[Source "ChessBase"]
[SourceDate "2018.02.23"]
[SourceVersion "1"]
[SourceVersionDate "2018.02.23"]
[SourceQuality "1"]

1. e4 e5 2. Nf3 Nc6 3. Bb5 Nf6 4. d3 Bc5 5. c3 0-0 6. 0-0 d5 7. Nbd2 Bg4 8. h3 Bh5 9. Bxc6 bxc6 10. Qa4 dxe4 11. dxe4 Qe8 12. Qc4 Bd6 13. Re1 Kh8 14. Nh4 Rg8 15. Nb3 Nd7 16. Qxc6 f6 17. Nf5 Bf8 18. Be3 Nb6 19. Qxe8 Bxe8 20. Nc5 g6 21. Ng3 Nc4 22. Na6 Bd6 23. Bc1 c5 24. b3 Bb5 25. bxc4 Bxa6 26. Rd1 Rgd8 27. Nf1 Bxc4 28. Ne3 Be6 29. c4 Kg7 30. Rb1 Rd7 31. Ba3 Rc8 32. g4 Rc6 33. Rb3 Rcc7 34. Rbd3 Bf8 35. Rxd7+ Rxd7 36. Rxd7+ Bxd7 37. Kf1 Kf7 38. Ke2 Ke6 39. Kd3 Kd6 40. Nd5 Bg7 41. Nc3 a6 42. Nd5 f5 43. f3 h5 44. exf5 gxf5 45. Ne3 fxg4 46. fxg4 hxg4 47. hxg4 Bf8 48. Ke4 Ke6 49. Bb2 Bh6 50. Nd5 Ba4 51. Nc7+ Kd6 52. Bxe5+ Kc6 53. Nxa6 Bc2+ 54. Kf3 Bd1+ 55. Kg3 Be2 56. Nb8+ Kb7 57. Nd7 Kc6 58. Nb8+ Kb7 59. Nd7 Kc6 60. Nf6 Bxc4 61. a3 Bc1 62. Kf3 Bxa3 63. g5 Bf7 64. Ne4 Kd5 65. Bf6 Bh5+ 66. Ke3 Bc1+ 67. Nd2 c4 68. Bc3 Ke6 69. Kd4 1/2-1/2

[Event "Bialystok Zamenhof Memorial"]
[Site "Bialystok"]
[Date "2012.??.??"]
[Round "1"]
[White "Burakowska, Gabriela"]
[Black "Murza, Adam"]
[Result "0-1"]
[WhiteElo "1665"]
[BlackElo "2067"]
[PlyCount "62"]
[EventDate "2012.12.27"]
[EventType "swiss"]
[EventRounds "9"]
[EventCountry "POL"]
[SourceTitle "CBM 152 Extra"]
[Source "ChessBase"]
[SourceDate "2013.02.25"]
[SourceVersion "1"]
[SourceVersionDate "2013.02.25"]
[SourceQuality "1"]

1. e4 d5 2. exd5 Nf6 3. Nc3 Nxd5 4. Nxd5 Qxd5 5. Nf3 Bg4 6. Be2 Nc6 7. 0-0 0-0-0 8. h3 Bh5 9. d3 e5 10. Be3 f5 11. Bg5 Re8 12. Nd2 Bxe2 13. Qxe2 Nd4 14. Qd1 Ne6 15. Bh4 g5 16. Bg3 f4 17. Bh2 h5 18. Ne4 Be7 19. f3 g4 20. Kh1 gxh3 21. gxh3 Nd4 22. Bg1 Qe6 23. Kh2 Nf5 24. Bf2 h4 25. Rh1 Reg8 26. Qe2 Rh6 27. Rag1 Ng3 28. Bxg3 hxg3+ 29. Kg2 Rgh8 30. h4 Rxh4 31. b3 Rh2+ 0-1

[Event "Bialystok Bieluczyk Memorial-B 2nd"]
[Site "Bialystok"]
[Date "2010.06.30"]
[Round "6"]
[White "Murza, Adam"]
[Black "Poswiatowski, Michal"]
[Result "0-1"]
[WhiteElo "2083"]
[BlackElo "1907"]
[PlyCount "80"]
[EventDate "2010.06.26"]
[EventType "swiss"]
[EventRounds "9"]
[EventCountry "POL"]
[SourceTitle "EXT 2012"]
[Source "ChessBase"]
[SourceDate "2011.11.24"]
[SourceVersion "1"]
[SourceVersionDate "2011.11.24"]
[SourceQuality "1"]

1. d4 Nf6 2. c4 c5 3. d5 b5 4. cxb5 a6 5. bxa6 Bxa6 6. Nc3 d6 7. e4 Bxf1 8. Kxf1 g6 9. g3 Bg7 10. Kg2 0-0 11. Nge2 Qb6 12. Rb1 Nbd7 13. b3 Rfb8 14. Qc2 Qa6 15. a4 Nb6 16. Nb5 Rc8 17. Nec3 c4 18. b4 Ng4 19. a5 Nd7 20. Rd1 Nge5 21. Nd4 Kf8 22. f4 Nd3 23. Nc6 Rxc6 24. b5 Qxa5 25. bxc6 N7c5 26. Bd2 Nb4 27. Ne2 Nxc2 28. Bxa5 Ne3+ 29. Kf3 Nxd1 30. c7 Nb2 31. e5 dxe5 32. Nd4 e4+ 33. Ke3 Bxd4+ 34. Kxd4 Nb3+ 35. Kxe4 Na4 36. d6 exd6 37. Kd5 Rxa5+ 38. Kxc4 Nb6+ 39. Kb4 Rc5 40. Rxb3 Nd5+ 0-1